000 00983nam a22002897a 4500
005 20200104041759.0
008 170906b19981999ck ||||| |||| 00| 0 spa d
040 _aCO-BoIAVH
_cCO-BoIAVH
041 _aspa
044 _ack
082 _a378.2
_bU58c
110 _aUniversidad Nacional de Colombia
245 _aConcurso mejores trabajos de grado 1998-1999:
_bIX versión
260 _aBogotá:
_bUniversidad Nacional de Colombia, Vicerrectoría Académica
_c1998.
300 _a159 páginas
_c23 x 15 cm
650 1 4 _aTrabajos de grado
650 1 4 _aCiencias naturales
650 1 4 _aCiencias sociales
650 1 4 _aCiencias económicas
650 1 4 _aCiencias de la salud
650 1 4 _aCiencias filosóficas
650 1 4 _aCiencias agrarias
_vVeterinaria
650 1 4 _aMedio ambiente
_vDesarrollo sostenible
650 1 4 _aMatemáticas puras
650 1 4 _aMúsica
942 _2ddc
_cLIBRO
999 _c19811
_d19811